Networks of Volatility Spillovers among Stock Markets

Sieťová analýza 40 rozvinutých, rozvíjajúcich sa zahraničných akciových trhov v období rokov 2006 - 2014. Popis a modelovanie prelievania volatility počas globálnej finančnej krízy aj v pokojných obdobiach.

Salvato in:
Dettagli Bibliografici
Autore principale: Baumöhl, Eduard, 1982-
Altri autori: Kočenda, Evžen, Lyócsa, Štefan, 1982-, Výrost, Tomáš, 1978-
Natura: Capitolo di libro
Lingua:inglese
Soggetti:
Tags: Aggiungi Tag
Nessun Tag, puoi essere il primo ad aggiungerne!!

MARC

LEADER 00000naa a2200000 4500
001 0240726
005 20250507084349.6
041 0 |a eng 
044 |a NL 
245 1 0 |a Networks of Volatility Spillovers among Stock Markets  |c Eduard Baumöhl, Evžen Kočenda, Štefan Lyócsa, Tomáš Výrost 
520 |a Sieťová analýza 40 rozvinutých, rozvíjajúcich sa zahraničných akciových trhov v období rokov 2006 - 2014. Popis a modelovanie prelievania volatility počas globálnej finančnej krízy aj v pokojných obdobiach. 
610 2 0 |a volatilita 
610 2 0 |a spillover 
610 2 0 |a trh akciový 
610 2 0 |a kríza finančná 
610 2 0 |a analýza regresná 
610 2 0 |a analýza sieťová 
100 1 |a Baumöhl, Eduard, 1982- 
700 1 |a Kočenda, Evžen 
700 1 |a Lyócsa, Štefan, 1982- 
700 1 |a Výrost, Tomáš, 1978-